| 000 | 00552nam a22001817a 4500 | ||
|---|---|---|---|
| 001 | 00028336 | ||
| 005 | 20260226155053.0 | ||
| 008 | 260226b ag ||||| |||| 00| 0 spa d | ||
| 040 |
_aAR-CcCEOS _bspa _cAR-CcCEOS |
||
| 041 | _aspa | ||
| 090 | _bDIC v.27 | ||
| 100 | 1 |
_aDickens, Benjamin F., _d1951- _9645 |
|
| 245 |
_aEl cuento inglés / _cDickens, Wilde, Mansfields y otros |
||
| 264 |
_aBuenos Aires : _bCentro Editor de Americana Latina, _cc1977. |
||
| 300 |
_a203 p. ; _c19x13 cm. |
||
| 490 | _vColección Biblioteca Total | ||
| 942 |
_2udc _cBK _n0 |
||
| 999 |
_c28355 _d28355 |
||